000
00304nam a2200109Ia 4500
008
171211s9999 xx 000 0 und d
245
_a
Michael Jackson - Tribute to legend
245
_c
Michael Jackson
260
_c
2009
650
_x
Biography
856
_u
http://down.ebook777.com/064/9771745143802.pdf
999
_c
349896
_d
349896